000 00707nam a2200289Ia 4500
005 20260324144546.0
008 008 260324s9999 xx 000 0 eng d
020 _a9780429505331
037 _aEBOOK
040 _aCRL
040 _beng
040 _cCRL
041 _2eng
041 _aeng
084 _qCRL
100 _aBrian P. Bloomfield
_91219772
245 4 _aThe Question of Artificial Intelligence
245 0 _bPhilosophical and Sociological Perspectives
260 _bTaylor and Francis
260 _c1987
365 _a
365 _b205
856 _uhttp://www.taylorfrancis.com/books/9780429505331
942 _cEBOOK
999 _c1826532
_d1826532